| 000 | 00519nam a22001697a 4500 | ||
|---|---|---|---|
| 003 | OSt | ||
| 005 | 20170518101412.0 | ||
| 008 | 161031b xxu||||| |||| 00| 0 eng d | ||
| 020 | _a9781553655107 | ||
| 040 |
_aMMU _beng _cMMU _dMMU |
||
| 100 | _aNikiforuk Andrew | ||
| 245 |
_aEmpire of the Beetle: _bHow human folly and atiny bug are killing north Americas Great forest/ _cAndrew Nikiforuk |
||
| 260 |
_aToronto: _bGreystone books D&M publishers, _c2011 |
||
| 300 | _a230p. | ||
| 650 | _aempire | ||
| 942 |
_2lcc _cLOAN LOAN |
||
| 999 |
_c19702 _d19702 |
||